000 00276nam a2200121Ia 4500
008 190216s9999||||xx |||||||||||||| ||und||
100 _aSudarshan Narang
245 0 _aHindi-Dil Dhariya
260 _bSamadan Prakashan
_c2008
300 _a168
650 _aHindi
942 _cBK
999 _c16557
_d16557